| 000 | 00708nam a2200253Ia 4500 | ||
|---|---|---|---|
| 005 | 20250425162612.0 | ||
| 008 | 250425s9999 xx 000 0 und d | ||
| 020 | _a9789942116352 | ||
| 041 | _aspa | ||
| 082 | _a636.31 | ||
| 100 | _aSANCHEZ LAIÑO, ADOLFO | ||
| 245 | 0 | _aCRIA Y EXPLOTACION DE OVINOS TROPICALES | |
| 250 | _a1A ED. | ||
| 260 |
_aEcuador _bUNIVERSIDAD TECNICA ESTATAL DE QUEVEDO: SENESCYT: UICYT _c2012 |
||
| 260 | _aQUEVEDO | ||
| 300 | _a33 | ||
| 500 | _aBOLETIN DIVULGATIVO # 012 | ||
| 650 | _aOVINOS TROPICALES-CRIA | ||
| 650 | _aOVINOS TROPICALES-EXPLOTACION | ||
| 700 | _aESTUPIÑAN VELIZ, KLEBER | ||
| 700 | _aTORRES NAVARRETE, EMMA | ||
| 942 | _c01 | ||
| 010 | _a89515 | ||
| 999 |
_c232600 _d232600 |
||